000 00376pab a2200145 454500
008 180718b2017 xxu||||| |||| 00| 0 eng d
100 _aPercival, Richard
245 _aHow to do things with jurisdictions: Wales and the jurisdiction question
260 _c2017
300 _ap.249-269.
362 _aApr
650 _aJudiciary
773 _aPublic Law
909 _a114498
999 _c114492
_d114492